Tóm tắt tài liệu và hướng dẫn học tập kĩ năng sử dụng tiếng Việt Cho sinh viên ngành Giáo dục tiểu học. Lưu hành nội bộ
Đã lưu trong:
| Príomhúdar: | |
|---|---|
| Formáid: | Leabhar |
| Foilsithe: |
Đồng Tháp
|
| Ábhair: | |
| Clibeanna: |
Cuir Clib Leis
Gan Chlibeanna, Bí ar an gcéad duine leis an taifead seo a chlibeáil!
|
| Thư viện lưu trữ: | Trung tâm Học liệu Lê Vũ Hùng, Trường Đại học Đồng Tháp |
|---|
| LEADER | 00861pam a22002298a 4500 | ||
|---|---|---|---|
| 001 | 00041774 | ||
| 005 | 20180730100731.0 | ||
| 008 | 170516s ||||||Viesd | ||
| 041 | 0 | # | |a Vie |
| 082 | 1 | 4 | |a 495.922 |b T430T |
| 100 | 1 | # | |a Huỳnh, Mỹ Linh |
| 245 | 1 | 0 | |c Huỳnh Mỹ Linh |a Tóm tắt tài liệu và hướng dẫn học tập kĩ năng sử dụng tiếng Việt |b Cho sinh viên ngành Giáo dục tiểu học. Lưu hành nội bộ |
| 260 | # | # | |a Đồng Tháp |
| 300 | # | # | |a 79 tr. |c 29 cm |
| 500 | # | # | |a ĐTTS: Khoa Giáo dục tiểu học - Mầm non |
| 653 | # | # | |a Bài giảng |
| 653 | # | # | |a Học tập |
| 653 | # | # | |a Sử dụng |
| 653 | # | # | |a Tiếng Việt |
| 852 | # | # | |j KD.0024605 |
| 910 | |d 30/07/2018 | ||
| 980 | # | # | |a Trung tâm Học liệu Lê Vũ Hùng, Trường Đại học Đồng Tháp |